000 nam a22 a 4500
999 _c3823
_d3823
005 20170524092029.0
008 170524b1991 cau||||| |||| 00| 0 eng d
020 _a1560520957
040 _aAKMAL
082 _a808.06665 SWE
090 _a808.06665
_bSWE
100 _aSwenson, Jack.
_97559
245 _aThe building blocks of business writing/
_cJack Swenson.
260 _aLos Altos, Calif.
_bCrisp Publications
_cc1991.
300 _av, 72 p.
_bill.
_c26cm
650 _aBusiness writing.
_94886
942 _2ddc
_cBOOK